00916nam a22002057a 45000010005000000030006000050050017000110080041000280200018000690400029000870820010001161000019001262450058001452600037002033000043002404900021002835200335003046500037006397000034006765029FISKH20241101104152.0241101b cb ||||| |||| 00| 0 eng d a9781407124094 aFISKHbengcFISKHdFISKH a820.9 aTurner, Tracey aCharles Dickens and His Pen Pals /cby Tracey Turner aNew York : bScholastic ;c2005. a192 pages : billustrations ;c21 cm . aHorribly Famous  aYou've probably heard of William Shakespeare and his popular plays; Jane Austen and her love stories; Charles Dickens and his big blockbusters. But have you heard that William Shakespeare got mixed up in a plot against the Queen? Jane Austen nearly became a Bigg-Wither? And Charles Dickens had his clothes ripped off by his fans? aHistory and Leadersvnon-fiction aGoddard, Clive eillustrator